A history of aesthetic control : Part 1, 1909-1953 : The control of the aesthetic external appearance of development in England and Wales (Record no. 3357)
[ view plain ]
| 000 -LEADER | |
|---|---|
| fixed length control field | 01291cab a2200193 4500 |
| 001 - CONTROL NUMBER | |
| control field | ABS37620 |
| 008 - FIXED-LENGTH DATA ELEMENTS--GENERAL INFORMATION | |
| fixed length control field | 090401t1986 xxu||||| |||| 00| 0 eng d |
| 035 ## - SYSTEM CONTROL NUMBER | |
| System control number | (Sirsi) u5627 |
| 041 ## - LANGUAGE CODE | |
| Language code of text/sound track or separate title | eng |
| 100 ## - MAIN ENTRY--PERSONAL NAME | |
| Personal name | Punter, J. |
| 245 #2 - TITLE STATEMENT | |
| Title | A history of aesthetic control : Part 1, 1909-1953 : The control of the aesthetic external appearance of development in England and Wales |
| 260 ## - PUBLICATION, DISTRIBUTION, ETC. | |
| Date of publication, distribution, etc. | 1986 |
| 350 ## - PRICE (NR) (BK AM CF MU VM SE) [OBSOLETE] | |
| Price | 0 |
| 490 ## - SERIES STATEMENT | |
| Series statement | Town Planning Review |
| Volume/sequential designation | 57(4) 1986, 351-381(31) |
| 520 ## - SUMMARY, ETC. | |
| Summary, etc. | Explores the early history of aesthetic control in England and Wales and its gradual emergence as part of a near-comprehensive system of development control in 1947. The development of legislation, government advice, local initiatives and public pressure are described. The tension between local initiatives for greater control, and central government`s preference for design freedom for developers, is identified and the origins of the architectural profession`s antipathy to control are explained. The position of aesthetic control in the post-war planning system is examined and the immediate modifications made to its practice are analysed and related to current controversies. (Journal Abstract). Plans, photos, references. |
| 690 ## - LOCAL SUBJECT ADDED ENTRY--TOPICAL TERM (OCLC, RLIN) | |
| Topical term or geographic name as entry element | PLANNING LAW AND PRACTICE |
| 942 ## - ADDED ENTRY ELEMENTS (KOHA) | |
| Suppress in OPAC | 0 |
| 948 ## - LOCAL PROCESSING INFORMATION (OCLC); SERIES PART DESIGNATOR (RLIN) | |
| c (OCLC) | 04/03/1997 |
| Withdrawn status | Lost status | Source of classification or shelving scheme | Damaged status | Not for loan | Home library | Current library | Shelving location | Date acquired | Total Checkouts | Full call number | Barcode | Date last seen | Copy number | Price effective from | Koha item type |
|---|---|---|---|---|---|---|---|---|---|---|---|---|---|---|---|
| Dewey Decimal Classification | London | London | Journal article | 14/09/1999 | ABS37620 | 5627-1001 | 06/08/2019 | 1 | 06/08/2019 | Journal article |